[Event "C.to Provinciale AP"]
[Site "Fermo ITA"]
[Date "2008.01.13"]
[Round "3"]
[White "Pieroni, Giacinto"]
[Black "Balzano, Filli"]
[Result "0-1"]
[WhiteElo "1488"]
[BlackElo "1509"]
[PlyCount "64"]
[EventDate "2008.01.12"]

1. e4 c6 2. Nf3 d5 3. e5 Bf5 4. d4 e6 5. Bd3 Bxd3 6. Qxd3 Qb6 7. b3 c5 8. Be3
Nd7 9. Nbd2 Ne7 10. c4 cxd4 11. Nxd4 Nxe5 12. Qe2 N5c6 13. Nxe6 d4 14. Nxf8
dxe3 15. Qxe3 Qxe3+ 16. fxe3 Rxf8 17. O-O O-O-O 18. Ne4 Ng6 19. Ng5 Rd7 20.
Nxh7 Re8 21. Ng5 f6 22. Nf3 Rxe3 23. h3 Nb4 24. a3 Nc6 25. b4 Rdd3 26. b5 Nce5
27. Nxe5 Nxe5 28. c5 Rxa3 29. Rac1 Rac3 30. Kf2 Rxc1 31. Rxc1 Rb3 32. c6 Nd3+
0-1

[Event "C.to Provinciale AP"]
[Site "Fermo ITA"]
[Date "2008.01.13"]
[Round "3"]
[White "Santarelli, Enrico"]
[Black "Fioravanti, Emidio"]
[Result "0-1"]
[WhiteElo "1659"]
[BlackElo "2016"]
[PlyCount "80"]
[EventDate "2008.01.12"]

1. Nf3 Nf6 2. b3 b6 3. Bb2 Bb7 4. e3 e6 5. Be2 Be7 6. c4 c5 7. O-O Qc7 8. d4 d5
9. Nbd2 Nbd7 10. Rc1 Rc8 11. cxd5 Bxd5 12. Ba6 Bb7 13. Qe2 O-O 14. dxc5 Nxc5
15. Bxb7 Qxb7 16. Rfd1 Rfd8 17. Nc4 Qe4 18. Nfe5 Qf5 19. f3 Qh5 20. e4 Ncd7 21.
Nxd7 Nxd7 22. e5 Bg5 23. Rc2 Bf4 24. g3 Qg6 25. Kh1 Bg5 26. f4 Be7 27. Rcc1 Nc5
28. Nd6 Bxd6 29. Rxd6 Ne4 30. Rxd8+ Rxd8 31. Rc2 h6 32. Kg2 h5 33. Ba3 Rd5 34.
Kf3 Nxg3 35. hxg3 Rd3+ 36. Kg2 Rxg3+ 37. Kh2 h4 38. Rc8+ Kh7 39. Qc2 Rd3 40.
Qg2 Rg3 0-1

[Event "C.to Provinciale AP"]
[Site "Fermo ITA"]
[Date "2008.01.13"]
[Round "3"]
[White "Santinelli, Michele"]
[Black "Di Mantino, Mauro"]
[Result "0-1"]
[WhiteElo "1565"]
[BlackElo "1747"]
[PlyCount "114"]
[EventDate "2008.01.12"]

1. e4 c5 2. Nf3 d6 3. d4 cxd4 4. Nxd4 Nf6 5. Nc3 a6 6. Be2 e5 7. Nb3 Be7 8. O-O
O-O 9. Be3 Be6 10. Nd2 Qc7 11. Re1 Rd8 12. Bd3 b5 13. a3 d5 14. exd5 Nxd5 15.
Nxd5 Bxd5 16. Qe2 Nd7 17. Ne4 Qb7 18. f3 f5 19. Nc3 e4 20. fxe4 fxe4 21. Bd4
Bf6 22. Bxf6 Nxf6 23. Nxe4 Nxe4 24. Bxe4 Bxe4 25. Qxe4 Qxe4 26. Rxe4 Rd7 27.
Rc1 Rc8 28. b4 Rc3 29. Rf1 h6 30. Rf2 Rd1+ 31. Rf1 Rxf1+ 32. Kxf1 Rxa3 33. Ke2
Kf7 34. Kd2 Kf6 35. Re3 Rxe3 36. Kxe3 Ke5 37. c3 Kd5 38. Kd3 g6 39. h3 g5 40.
g4 Ke5 41. c4 bxc4+ 42. Kxc4 Ke4 43. Kc5 Kd3 44. Kd5 Kc3 45. Kc5 Kb3 46. b5
axb5 47. Kxb5 Kc3 48. Kc5 Kd3 49. Kd5 Ke3 50. Ke5 Kf3 51. Kf5 Kg3 52. Kg6 Kxh3
53. Kh5 Kg3 54. Kxh6 Kxg4 55. Kg6 Kf4 56. Kh5 g4 57. Kh4 Kf3 0-1

[Event "C.to Provinciale AP"]
[Site "Fermo ITA"]
[Date "2008.01.19"]
[Round "4"]
[White "Balzano, Aldo"]
[Black "Santinelli, Michele"]
[Result "1-0"]
[WhiteElo "1779"]
[BlackElo "1565"]
[PlyCount "150"]
[EventDate "2008.01.12"]

1. d4 d5 2. c4 c6 3. Nf3 Bg4 4. Nc3 Nf6 5. Bg5 e6 6. Ne5 Bf5 7. e3 Be7 8. Qb3
Qc7 9. Bf4 Qc8 10. h3 h6 11. Rc1 Nbd7 12. cxd5 exd5 13. Nb5 Nxe5 14. Bxe5 O-O
15. Bd6 Qd7 16. Bxe7 Qxe7 17. Nc3 Ne4 18. Be2 Rfe8 19. O-O Nd2 20. Qd1 Nxf1 21.
Bxf1 Qg5 22. Kh1 Re6 23. Ne2 Qh5 24. Qb3 Re7 25. Ng3 Qg6 26. Qa3 Ree8 27. Qb4
Bc8 28. Qc3 Qf6 29. Qd2 Qh4 30. b4 Bd7 31. a4 a6 32. a5 g5 33. Kg1 h5 34. Bd3
g4 35. hxg4 Qxg4 36. Be2 Qg5 37. Nxh5 Kh8 38. Ng3 Kg7 39. Nh5+ Kf8 40. Nf4 Ke7
41. g3 Rh8 42. Bf1 Qh6 43. Bg2 Rag8 44. Re1 Qh2+ 45. Kf1 Bf5 46. Ke2 Be4 47.
Rh1 Qxg2 48. Nxg2 Rxh1 49. Nh4 Rxg3 50. Qc3 Rgg1 51. Nf3 Bxf3+ 52. Kxf3 Rc1 53.
Qd3 Rh4 54. Qf5 Rch1 55. Qe5+ Kf8 56. Qb8+ Kg7 57. Qe5+ f6 58. Qg3+ Kh6 59. Qd6
R1h3+ 60. Ke2 Kg6 61. Qc7 Rh7 62. Qc8 f5 63. Qe8+ Kg5 64. Qg8+ Kf6 65. Qd8+ Kg6
66. Qd6+ Kg5 67. Qf4+ Kf6 68. Qe5+ Kg6 69. Qe6+ Kg5 70. Qe5 Kg6 71. Ke1 Rh1+
72. Ke2 R1h2 73. Ke1 Rh1+ 74. Ke2 R1h2 75. Kd1 Rxf2 1-0

[Event "C.to Provinciale AP"]
[Site "Fermo ITA"]
[Date "2008.01.19"]
[Round "4"]
[White "Balzano, Filli"]
[Black "Armandi, Nazzareno"]
[Result "1-0"]
[WhiteElo "1509"]
[BlackElo "1610"]
[PlyCount "93"]
[EventDate "2008.01.12"]

1. e4 e5 2. Nf3 Nc6 3. d4 exd4 4. Nxd4 d6 5. Nc3 Nf6 6. Bc4 Be7 7. O-O O-O 8.
Nxc6 bxc6 9. b3 Bb7 10. f3 d5 11. Bd3 Bc5+ 12. Kh1 Re8 13. Bb2 Qe7 14. Re1 Nh5
15. Qd2 Qh4 16. Ne2 Bf2 17. g3 Qh3 18. Rf1 Bxg3 19. Ng1 Qh4 20. Qg2 Bd6 21. Ne2
Be5 22. Bxe5 Rxe5 23. Qf2 Qxf2 24. Rxf2 Nf6 25. Ng3 Re7 26. Re1 Rae8 27. Rg2 a6
28. Nf5 Rd7 29. Nxg7 Kf8 30. Nxe8 Kxe8 31. e5 Re7 32. Rgg1 Nd7 33. f4 c5 34. h3
Nf8 35. Rg8 Re6 36. Kh2 Rh6 37. Reg1 Ke7 38. R8g3 Ne6 39. Rf1 Nd4 40. c4 f5 41.
Rg7+ Kd8 42. Rg5 dxc4 43. Bxc4 Bc8 44. Rg7 Ne6 45. Rg8+ Kd7 46. Bxe6+ Rxe6 47.
Rd1+ 1-0

[Event "C.to Provinciale AP"]
[Site "Fermo ITA"]
[Date "2008.01.19"]
[Round "4"]
[White "Bruno, Fabio"]
[Black "Foglia, Maurizio"]
[Result "1-0"]
[WhiteElo "2457"]
[BlackElo "2090"]
[PlyCount "59"]
[EventDate "2008.01.12"]

1. Nf3 Nf6 2. c4 c6 3. g3 g6 4. b3 Bg7 5. Bb2 d5 6. Bg2 O-O 7. O-O Bg4 8. d3
Nbd7 9. Nbd2 Re8 10. Ne5 Nxe5 11. Bxe5 Qd7 12. Rc1 Rac8 13. Nf3 Bh3 14. Rc2
Bxg2 15. Kxg2 Ng4 16. Bxg7 Kxg7 17. Qa1+ f6 18. Qd4 b6 19. cxd5 cxd5 20. Rfc1
e5 21. Qb4 Rxc2 22. Rxc2 e4 23. Nd4 Qe7 24. Qb5 Qe5 25. Rc7+ Kh6 26. Qd7 Qxd4
27. Qxg4 Qe5 28. Qh4+ Qh5 29. Qxf6 Qxe2 30. Qf4+ 1-0

[Event "C.to Provinciale AP"]
[Site "Fermo ITA"]
[Date "2008.01.19"]
[Round "4"]
[White "Giobbi, Costantino"]
[Black "Marinucci, Johnny"]
[Result "1-0"]
[WhiteElo "1945"]
[BlackElo "1724"]
[PlyCount "75"]
[EventDate "2008.01.12"]

1. e4 Nf6 2. e5 Nd5 3. d4 d6 4. Nf3 Bg4 5. Be2 e6 6. O-O Be7 7. c4 Nb6 8. exd6
cxd6 9. Nc3 d5 10. c5 N6d7 11. Bf4 O-O 12. Qd2 Nc6 13. b4 Bf6 14. b5 Bxf3 15.
bxc6 Bxe2 16. cxb7 Bxf1 17. bxa8=Q Qxa8 18. Rxf1 Qc6 19. h3 Rc8 20. Rd1 Nf8 21.
Bd6 Ng6 22. Qe3 Be7 23. Bxe7 Nxe7 24. Qe5 Qa6 25. Rb1 Nc6 26. Qf4 h6 27. Rb3
Qc4 28. Nb5 Rf8 29. Qd6 Na5 30. Nxa7 Nxb3 31. axb3 Qxb3 32. c6 Qb6 33. Qc5 Qc7
34. Nb5 Qc8 35. c7 e5 36. Na7 Qf5 37. Qxf8+ Kh7 38. c8=Q 1-0

[Event "C.to Provinciale AP"]
[Site "Fermo ITA"]
[Date "2008.01.19"]
[Round "4"]
[White "Perogio, Lorenzo"]
[Black "Piergentili, Roberto"]
[Result "1-0"]
[WhiteElo "1886"]
[BlackElo "1762"]
[PlyCount "113"]
[EventDate "2008.01.12"]

1. e4 c5 2. Nc3 Nc6 3. g3 g6 4. Bg2 Bg7 5. d3 d6 6. Nge2 Nf6 7. O-O O-O 8. f4
Ne8 9. f5 Nc7 10. Bg5 Rb8 11. Qd2 Bd7 12. Bh6 b5 13. Bxg7 Kxg7 14. Nf4 Ne5 15.
Ncd5 Nxd5 16. Nxd5 Ng4 17. Rf4 h5 18. Raf1 Nf6 19. Ne3 e6 20. h3 Kh7 21. Rh4 g5
22. Ng4 Nxg4 23. Rxh5+ Nh6 24. f6 Rg8 25. h4 Rg6 26. hxg5 e5 27. Bh3 Bxh3 28.
Rxh3 Qd7 29. Qh2 Qxh3 30. Qxh3 Rxg5 31. Kf2 Kg6 32. Qd7 Ng4+ 33. Ke2 Rh8 34.
Rf5 Rh2+ 35. Ke1 Rh1+ 36. Kd2 Rh2+ 37. Kc3 Rxc2+ 38. Kxc2 Ne3+ 39. Kc1 Nxf5 40.
exf5+ Rxf5 41. Qxd6 Rxf6 42. Qxe5 Rf5 43. Qd6+ Kg5 44. Qb8 Kg4 45. Kd2 Rf3 46.
Qxa7 Kxg3 47. Qxc5 f5 48. Qxb5 Rf2+ 49. Ke3 f4+ 50. Ke4 Re2+ 51. Kd4 f3 52.
Qg5+ Kh2 53. Qg4 Rg2 54. Qf4+ Rg3 55. Ke3 f2+ 56. Kxf2 Kh1 57. Kxg3 1-0

[Event "C.to Provinciale AP"]
[Site "Fermo ITA"]
[Date "2008.01.19"]
[Round "4"]
[White "Rotoni, Fabrizio"]
[Black "Marozzi, Giovanni"]
[Result "1-0"]
[WhiteElo "2040"]
[BlackElo "2037"]
[PlyCount "159"]
[EventDate "2008.01.12"]

1. d4 d5 2. Nf3 Nf6 3. c4 e6 4. cxd5 exd5 5. Nc3 c6 6. Bg5 Bb4 7. Qb3 a5 8. e3
Bf5 9. Be2 Nbd7 10. O-O Bxc3 11. bxc3 b6 12. c4 a4 13. Qa3 Qe7 14. Qxe7+ Kxe7
15. Ne5 Rhc8 16. Rac1 dxc4 17. Bxc4 b5 18. Be2 Be4 19. f3 Bd5 20. a3 h6 21.
Nxd7 Kxd7 22. Bh4 Ne8 23. e4 Bb3 24. d5 Rab8 25. dxc6+ Rxc6 26. Rxc6 Kxc6 27.
Rc1+ Kd7 28. Bg3 Rb7 29. Rc5 b4 30. axb4 Rxb4 31. Bb5+ Kd8 32. Be1 Rd4 33. Ba5+
Ke7 34. Re5+ Be6 35. Bc3 Rd1+ 36. Kf2 a3 37. Bc4 Rc1 38. Bxe6 fxe6 39. Bb4+ Kf6
40. Rc5 Rxc5 41. Bxc5 a2 42. Bd4+ Kg5 43. Ke3 h5 44. Kd3 g6 45. Be3+ Kf6 46.
Bd4+ e5 47. Bc3 g5 48. Kc2 h4 49. g3 h3 50. f4 gxf4 51. gxf4 Ke6 52. Bxe5 Nd6
53. Kd3 Nb5 54. Ba1 Na3 55. f5+ Kf7 56. e5 Ke7 57. Kc3 Nb1+ 58. Kc2 Na3+ 59.
Kd3 Kf7 60. Bb2 Nb1 61. Bd4 Ke7 62. Kc2 Kf7 63. e6+ Ke7 64. Be5 Na3+ 65. Kb3
Nb1 66. Kc2 Na3+ 67. Kd3 Nb1 68. Ke4 Nd2+ 69. Kd5 Nf3 70. f6+ Kf8 71. Bd6+ Kg8
72. f7+ Kh7 73. f8=Q a1=Q 74. Qf7+ Kh6 75. Bf4+ Ng5 76. Bxg5+ Kxg5 77. Qg8+ Kf4
78. Qg3+ Kf5 79. Qxh3+ Kf6 80. Qh8+ 1-0

[Event "C.to Provinciale AP"]
[Site "Fermo ITA"]
[Date "2008.01.19"]
[Round "4"]
[White "Rotoni, Matteo"]
[Black "Morelli, Basilio"]
[Result "1/2-1/2"]
[WhiteElo "2119"]
[BlackElo "1503"]
[PlyCount "28"]
[EventDate "2008.01.12"]

1. e4 c5 2. d4 cxd4 3. c3 d5 4. exd5 Qxd5 5. cxd4 Nc6 6. Nf3 Nf6 7. Nc3 Qa5 8.
d5 Nb4 9. Bb5+ Bd7 10. Bxd7+ Nxd7 11. O-O Rd8 12. Bf4 Nf6 13. d6 e6 14. Re1
Nbd5 1/2-1/2

[Event "C.to Provinciale AP"]
[Site "Fermo ITA"]
[Date "2008.01.19"]
[Round "4"]
[White "Santarelli, Enrico"]
[Black "Cataldi, Cristiano"]
[Result "1-0"]
[WhiteElo "1659"]
[BlackElo "1742"]
[PlyCount "112"]
[EventDate "2008.01.12"]

1. Nf3 d5 2. e3 Nc6 3. Bb5 Bd7 4. b3 g6 5. Bb2 Nf6 6. d3 a6 7. Bxc6 Bxc6 8.
Nbd2 Bg7 9. Qe2 b5 10. O-O O-O 11. b4 Qd6 12. a3 Rfe8 13. Nb3 Nd7 14. Bxg7 Kxg7
15. d4 f6 16. Ne1 e5 17. c3 e4 18. Nc2 f5 19. f4 exf3 20. Qxf3 Nf6 21. Nc5 Ne4
22. Nxe4 dxe4 23. Qh3 Bd7 24. Qh4 Qc6 25. Qe1 Be6 26. Qd2 Rad8 27. g3 g5 28.
Rf2 h5 29. Ne1 Rh8 30. Ng2 Qd6 31. a4 c6 32. a5 Rhg8 33. Kh1 Kg6 34. Raf1 Rh8
35. Rg1 Kh6 36. Qd1 Rdf8 37. Qe2 Bc4 38. Qe1 Rhg8 39. Rd2 Bd5 40. h4 Rg7 41.
hxg5+ Rxg5 42. Nf4 Rfg8 43. Rh2 Bf7 44. Rh3 R8g7 45. Qe2 Qf8 46. Qd1 Rg4 47. d5
cxd5 48. Nxd5 Qd6 49. Nf4 Qxd1 50. Rxd1 Rxg3 51. Rd6+ Kh7 52. Kh2 Rxh3+ 53.
Kxh3 Rg1 54. Rxa6 Re1 55. Ra7 Rxe3+ 56. Kh4 Kg8 1-0

[Event "C.to Provinciale AP"]
[Site "Fermo ITA"]
[Date "2008.01.20"]
[Round "5"]
[White "Foglia, Maurizio"]
[Black "Fioravanti, Emidio"]
[Result "1-0"]
[WhiteElo "2090"]
[BlackElo "2016"]
[PlyCount "95"]
[EventDate "2008.01.12"]

1. d4 Nf6 2. Bf4 e6 3. e3 c5 4. c3 Nc6 5. Nd2 d5 6. Ngf3 Bd7 7. Bd3 Rc8 8. O-O
Ne7 9. Ne5 Ng6 10. Bg3 c4 11. Bc2 Bc6 12. f4 Be7 13. f5 Nxe5 14. dxe5 Ne4 15.
Nxe4 dxe4 16. fxe6 O-O 17. exf7+ Rxf7 18. Qe2 b5 19. Rxf7 Kxf7 20. Qh5+ Kg8 21.
Rf1 Bc5 22. Qe2 Qb6 23. Bh4 Rf8 24. Rxf8+ Kxf8 25. Bf2 Kg8 26. h3 Bd5 27. Qg4
Qc6 28. Qg5 Qd7 29. Qf4 Qf7 30. Bxe4 Qxf4 31. Bxd5+ Qf7 32. Bxf7+ Kxf7 33. e4
Bxf2+ 34. Kxf2 Ke6 35. Ke3 Kxe5 36. h4 h5 37. g3 a6 38. a3 a5 39. Kf3 b4 40.
axb4 axb4 41. cxb4 Kd4 42. Kf4 Kd3 43. b5 Kc2 44. b6 Kxb2 45. b7 c3 46. b8=Q+
Kc1 47. Qb3 c2 48. Ke3 1-0

[Event "C.to Provinciale AP"]
[Site "Fermo ITA"]
[Date "2008.01.20"]
[Round "5"]
[White "Giobbi, Costantino"]
[Black "Rotoni, Matteo"]
[Result "1-0"]
[WhiteElo "1945"]
[BlackElo "2119"]
[PlyCount "81"]
[EventDate "2008.01.12"]

1. c4 e5 2. Nc3 Nc6 3. Nf3 d6 4. d4 exd4 5. Nxd4 g6 6. g3 Bg7 7. Nxc6 bxc6 8.
Bg2 Ne7 9. O-O O-O 10. Bg5 f6 11. Bf4 Be6 12. b3 Qd7 13. Rc1 Bh3 14. Qd2 Bxg2
15. Kxg2 g5 16. Be3 h6 17. f4 Rad8 18. Bg1 c5 19. e4 g4 20. f5 Nc6 21. Be3 h5
22. Rh1 Ne5 23. h3 c6 24. hxg4 hxg4 25. Bf4 Nf3 26. Qd3 Rfe8 27. Rcd1 Bf8 28.
Nd5 Qf7 29. Ne3 Nd4 30. Rh4 Bg7 31. Rxg4 Kf8 32. Rh1 d5 33. cxd5 cxd5 34. Rh7
dxe4 35. Qc3 Nf3 36. Qxc5+ Kg8 37. Rgxg7+ Qxg7 38. Rxg7+ Kxg7 39. Qc7+ Kg8 40.
Ng4 Ne1+ 41. Kh3 1-0

[Event "C.to Provinciale AP"]
[Site "Fermo ITA"]
[Date "2008.01.20"]
[Round "5"]
[White "Marozzi, Giovanni"]
[Black "Balzano, Filli"]
[Result "1-0"]
[WhiteElo "2037"]
[BlackElo "1509"]
[PlyCount "35"]
[EventDate "2008.01.12"]

1. e4 c6 2. c4 d5 3. cxd5 cxd5 4. exd5 Qxd5 5. Nc3 Qa5 6. d4 e6 7. Nf3 Nf6 8.
Bd3 Nc6 9. O-O a6 10. Qe2 Bd6 11. h3 O-O 12. Rd1 Re8 13. Be3 Bf8 14. a3 Qd8 15.
Bc4 Nd5 16. Bg5 Qd6 17. Bxd5 exd5 18. Qxe8 1-0

[Event "C.to Provinciale AP"]
[Site "Fermo ITA"]
[Date "2008.01.20"]
[Round "5"]
[White "Morelli, Basilio"]
[Black "Perogio, Lorenzo"]
[Result "0-1"]
[WhiteElo "1503"]
[BlackElo "1886"]
[PlyCount "104"]
[EventDate "2008.01.12"]

1. d4 d6 2. c4 g6 3. Nc3 Nf6 4. e4 Bg7 5. f3 O-O 6. Be3 c5 7. dxc5 dxc5 8. Qxd8
Rxd8 9. Bxc5 Nc6 10. Nge2 Nd7 11. Ba3 Nde5 12. Nf4 Nd4 13. Kf2 Nc2 14. Rd1 Rxd1
15. Nxd1 Nxa3 16. bxa3 b6 17. Nd5 e6 18. Ne7+ Kf8 19. Nxc8 Rxc8 20. Ne3 Bh6 21.
Ng4 Nxg4+ 22. fxg4 Rd8 23. Be2 Rd2 24. Rd1 Rxa2 25. Rd3 Bc1 26. Rd8+ Ke7 27.
Rh8 h6 28. a4 Rxa4 29. Rc8 Ra3 30. Rc7+ Kf8 31. Bf3 Be3+ 32. Kg3 a5 33. h4 g5
34. Rc8+ Kg7 35. h5 Ra2 36. Rd8 Rc2 37. Rc8 Rc1 38. Kh2 a4 39. Rd8 Rxc4 40. Rd3
Bf4+ 41. Kg1 b5 42. Be2 Rc1+ 43. Kf2 b4 44. Rd4 Rb1 45. Rd1 Rb2 46. Kf3 a3 47.
Bc4 Rc2 48. Bd3 Rc3 49. Ke2 b3 50. g3 Bc1 51. Rxc1 Rxc1 52. Kd2 Rc5 0-1

[Event "C.to Provinciale AP"]
[Site "Fermo ITA"]
[Date "2008.01.20"]
[Round "5"]
[White "Quondamatteo, Giampiero"]
[Black "Balzano, Aldo"]
[Result "0-1"]
[WhiteElo "1467"]
[BlackElo "1779"]
[PlyCount "98"]
[EventDate "2008.01.12"]

1. d4 Nf6 2. Nf3 g6 3. Nbd2 Bg7 4. e4 d6 5. Bd3 O-O 6. O-O Nbd7 7. Re1 e5 8. c3
Nh5 9. Nc4 Qe7 10. Qc2 Nb8 11. Ne3 Nf4 12. Nd5 Nxd5 13. exd5 Bg4 14. Nd2 Qd8
15. f3 Bc8 16. dxe5 dxe5 17. c4 Nd7 18. Ne4 f5 19. Bg5 Qe8 20. Nc3 a6 21. a4
Nc5 22. Bf1 h6 23. Bh4 Qf7 24. b4 Nd7 25. Rad1 g5 26. Bf2 Re8 27. c5 Bf8 28.
Bd3 Nf6 29. Bxf5 Bxf5 30. Qxf5 Bg7 31. Rxe5 Rxe5 32. Qxe5 Nxd5 33. Qxd5 Bxc3
34. Qxf7+ Kxf7 35. Rd7+ Kg6 36. Rxc7 Rd8 37. g3 Rd1+ 38. Kg2 Rd2 39. Rxb7 Bd4
40. Rb6+ Kg7 41. Rxa6 Bxf2 42. Kh3 Bg1 43. Rd6 Rxh2+ 44. Kg4 Rc2 45. c6 Bb6 46.
a5 Bf2 47. Kh5 Bxg3 48. Rxh6 Rh2+ 49. Kxg5 Rxh6 0-1

[Event "C.to Provinciale AP"]
[Site "Fermo ITA"]
[Date "2008.01.20"]
[Round "5"]
[White "Rotoni, Fabrizio"]
[Black "Bruno, Fabio"]
[Result "0-1"]
[WhiteElo "2040"]
[BlackElo "2457"]
[PlyCount "58"]
[EventDate "2008.01.12"]

1. e4 c5 2. c3 Nf6 3. e5 Nd5 4. d4 cxd4 5. cxd4 d6 6. Nf3 e6 7. Nc3 Nxc3 8.
bxc3 Qc7 9. Bd2 Nd7 10. exd6 Bxd6 11. Bd3 b6 12. O-O Bb7 13. h3 O-O 14. Rc1
Rfd8 15. Qe2 Rac8 16. Rfd1 h6 17. Be3 Re8 18. Ba6 Bxa6 19. Qxa6 Qc4 20. Qxc4
Rxc4 21. Nd2 Ra4 22. Rc2 Rc8 23. f4 Nf6 24. Kf2 Nd5 25. Ne4 Bxf4 26. Bxf4 Nxf4
27. Ke3 Nd5+ 28. Kd3 Ra3 29. Kd2 f5 0-1

[Event "C.to Provinciale AP"]
[Site "Fermo ITA"]
[Date "2008.01.20"]
[Round "6"]
[White "Armandi, Nazzareno"]
[Black "Marinucci, Johnny"]
[Result "0-1"]
[WhiteElo "1610"]
[BlackElo "1724"]
[PlyCount "109"]
[EventDate "2008.01.12"]

1. d4 Nf6 2. c4 e6 3. Nc3 b6 4. Bf4 Bb7 5. a3 Be7 6. e3 O-O 7. Nf3 d6 8. Bd3
Nbd7 9. O-O Nh5 10. Bg3 Nxg3 11. fxg3 Bf6 12. Ne4 Be7 13. Qc2 d5 14. Nc3 Nf6
15. cxd5 exd5 16. Ng5 g6 17. Nf3 Re8 18. Rae1 Bf8 19. Ne5 Bg7 20. Bb5 Re6 21.
Qf2 c6 22. Be2 Qc7 23. Nd1 Rf8 24. Nd3 Ne4 25. Qf4 Qe7 26. Bg4 f5 27. Be2 g5
28. Qf3 g4 29. Qxf5 Rxf5 30. Rxf5 Rg6 31. Ref1 Nd6 32. R5f2 Ba6 33. Nf4 Bxe2
34. Nxg6 hxg6 35. Rxe2 Bxd4 36. Rf4 Bg7 37. Rxg4 Qe6 38. Rf4 Ne4 39. Re1 a5 40.
Ref1 b5 41. Rf7 Qxf7 42. Rxf7 Kxf7 43. Kf1 c5 44. Ke2 Ke6 45. h4 Nxg3+ 46. Kf3
Ne4 47. g4 Bf6 48. h5 gxh5 49. gxh5 Kf5 50. b3 Kg5 51. Nf2 Nxf2 52. Kxf2 Kxh5
53. Ke2 Kg4 54. a4 bxa4 55. bxa4 0-1

[Event "C.to Provinciale AP"]
[Site "Fermo ITA"]
[Date "2008.01.20"]
[Round "6"]
[White "Balzano, Filli"]
[Black "Piergentili, Roberto"]
[Result "1/2-1/2"]
[WhiteElo "1509"]
[BlackElo "1762"]
[PlyCount "48"]
[EventDate "2008.01.12"]

1. e4 c5 2. Nf3 d6 3. d4 cxd4 4. Nxd4 Nf6 5. Nc3 a6 6. Be2 e5 7. Nb3 Be6 8. O-O
Be7 9. Be3 Nc6 10. f3 d5 11. exd5 Nxd5 12. Nxd5 Bxd5 13. c3 O-O 14. Qc2 Qc7 15.
Rad1 Be6 16. Bf2 f5 17. Rfe1 Nd8 18. Bf1 Nf7 19. Kh1 Bd6 20. Bg3 Rae8 21. Bd3
g6 22. Rd2 Be7 23. Bf1 f4 24. Bf2 Ng5 1/2-1/2

[Event "C.to Provinciale AP"]
[Site "Fermo ITA"]
[Date "2008.01.20"]
[Round "6"]
[White "Di Mantino, Mauro"]
[Black "Morelli, Basilio"]
[Result "1-0"]
[WhiteElo "1747"]
[BlackElo "1503"]
[PlyCount "69"]
[EventDate "2008.01.12"]

1. e4 c5 2. Nf3 e6 3. d4 cxd4 4. Nxd4 Nc6 5. Nc3 a6 6. Be3 e5 7. Nxc6 bxc6 8.
Qh5 Qc7 9. Bc4 d6 10. h3 Nf6 11. Qf3 Be6 12. Bb3 Bxb3 13. axb3 Be7 14. g4 h6
15. Qg2 g5 16. O-O-O Rd8 17. Rd3 d5 18. exd5 e4 19. Nxe4 Nxd5 20. Qf3 Nf4 21.
Rxd8+ Bxd8 22. Bxf4 Qxf4+ 23. Qxf4 gxf4 24. Rd1 O-O 25. Rd6 Re8 26. f3 Kg7 27.
Rxc6 a5 28. Rc8 Kg6 29. h4 Rxe4 30. fxe4 Bxh4 31. Rc5 f3 32. Kd1 f2 33. Ke2 Bg3
34. Rxa5 f6 35. Rf5 1-0

[Event "C.to Provinciale AP"]
[Site "Fermo ITA"]
[Date "2008.01.20"]
[Round "6"]
[White "Foglia, Maurizio"]
[Black "Rotoni, Fabrizio"]
[Result "1-0"]
[WhiteElo "2090"]
[BlackElo "2040"]
[PlyCount "102"]
[EventDate "2008.01.12"]

1. d4 d6 2. Nf3 Bg4 3. Bf4 c6 4. Nbd2 Nd7 5. h3 Bxf3 6. Nxf3 Ngf6 7. e3 e6 8.
Be2 Be7 9. O-O O-O 10. c4 Qb6 11. Qc2 c5 12. Rfd1 d5 13. dxc5 Qxc5 14. b4 Qb6
15. a3 dxc4 16. Bxc4 Rfc8 17. Qe2 a5 18. Bb5 Nf8 19. bxa5 Rxa5 20. a4 Raa8 21.
e4 h6 22. Ne5 Qc5 23. Nc4 Rd8 24. Be3 Rxd1+ 25. Rxd1 Qb4 26. Nb6 Rd8 27. Rxd8
Bxd8 28. f3 Bc7 29. Nc4 N8d7 30. Qd2 Qb1+ 31. Qc1 Qb3 32. Bf4 Bxf4 33. Qxf4 Nc5
34. Nd6 Qd1+ 35. Kh2 Qd4 36. Nc4 g5 37. Qe5 Qxe5+ 38. Nxe5 Kf8 39. Kg3 Nh5+ 40.
Kf2 Nf4 41. a5 Ke7 42. Bf1 f6 43. Nc4 Kd7 44. g3 Nfd3+ 45. Ke3 Nb4 46. Kd4 Kc6
47. e5 f5 48. f4 gxf4 49. gxf4 Nc2+ 50. Kc3 Ne1 51. Nd6 Na4+ 1-0

[Event "C.to Provinciale AP"]
[Site "Fermo ITA"]
[Date "2008.01.20"]
[Round "6"]
[White "Fratini, Mauro"]
[Black "Quondamatteo, Giampiero"]
[Result "1-0"]
[WhiteElo "1990"]
[BlackElo "1467"]
[PlyCount "161"]
[EventDate "2008.01.12"]

1. d4 Nf6 2. Nf3 g6 3. Bf4 Bg7 4. e3 O-O 5. h3 d6 6. Be2 Nbd7 7. O-O c5 8. c3
Nh5 9. Bh2 cxd4 10. cxd4 e5 11. Nc3 f5 12. Qb3+ Kh8 13. dxe5 Nc5 14. Qd5 Qb6
15. Qxd6 Qxd6 16. exd6 Bd7 17. Ne5 Nf6 18. Bf3 Rab8 19. Rac1 a6 20. Rfd1 Ne6
21. Nd5 Rbd8 22. Nxf6 Bxf6 23. Bxb7 Bxe5 24. Bxe5+ Kg8 25. Bxa6 Ra8 26. Bc4 Kf7
27. a3 Ra5 28. f4 h6 29. Rd5 Rxd5 30. Bxd5 Rb8 31. b4 Rb5 32. Bxe6+ Kxe6 33.
Rc7 Rd5 34. Rc5 Rd1+ 35. Kh2 Re1 36. Rc3 Rb1 37. Kg3 Rg1 38. Kf2 Rb1 39. Rc2
Rb3 40. Bb2 Rd3 41. Be5 Rxa3 42. Ke2 Rb3 43. g4 Rxb4 44. gxf5+ gxf5 45. h4 Rb1
46. Bg7 h5 47. Bf8 Rb6 48. Kd3 Bb5+ 49. Kd4 Ba4 50. Rc4 Bd7 51. Rc5 Rb4+ 52.
Rc4 Rb8 53. Be7 Rb1 54. Rc3 Rd1+ 55. Kc5 Rd5+ 56. Kb6 Rb5+ 57. Kc7 Ra5 58. Rb3
Rc5+ 59. Kb7 Rc4 60. Bd8 Kxd6 61. Bc7+ Ke7 62. Rb6 Rc3 63. Rh6 Rb3+ 64. Bb6 Be8
65. Rh7+ Kf6 66. Kc7 Kg6 67. Rh8 Bf7 68. Bc5 Rb1 69. Bf8 Ba2 70. Rh6+ Kf7 71.
Bc5 Rh1 72. Rxh5 Bb1 73. Bd4 Kg6 74. Rh8 Ba2 75. Kd6 Rh3 76. Ke5 Bb1 77. Ke6
Ba2+ 78. Ke7 Bb3 79. Kf8 Ba2 80. Bg7 Rxe3 81. Rh6# 1-0

[Event "C.to Provinciale AP"]
[Site "Fermo ITA"]
[Date "2008.01.20"]
[Round "6"]
[White "Marozzi, Giovanni"]
[Black "Giobbi, Costantino"]
[Result "1-0"]
[WhiteElo "2037"]
[BlackElo "1945"]
[PlyCount "111"]
[EventDate "2008.01.12"]

1. e4 d6 2. c4 c5 3. Nf3 Nc6 4. d4 cxd4 5. Nxd4 Nf6 6. Nc3 g6 7. Be2 Bg7 8. Be3
O-O 9. Qd2 Bd7 10. f3 Rc8 11. g4 Nxd4 12. Bxd4 Qa5 13. h4 h5 14. gxh5 Nxh5 15.
Bxg7 Kxg7 16. Qd4+ Qe5 17. O-O-O Qxd4 18. Rxd4 Be6 19. b3 b5 20. Nxb5 a6 21.
Nc3 Rh8 22. Rdd1 Nf4 23. Kd2 Rh5 24. Nd5 Bxd5 25. cxd5 a5 26. Ke3 Nxe2 27. Kxe2
Rc2+ 28. Rd2 Rxd2+ 29. Kxd2 Kf6 30. f4 e6 31. dxe6 Kxe6 32. Ke3 Rc5 33. Rh2 a4
34. bxa4 Rc3+ 35. Kd4 Ra3 36. f5+ gxf5 37. exf5+ Kxf5 38. Kd5 Kg6 39. h5+ Kh6
40. Kxd6 Rxa4 41. Ke5 Ra5+ 42. Kf6 Ra7 43. Ke5 Ra5+ 44. Kd4 Ra4+ 45. Kc3 Ra5
46. Kb4 Rxh5 47. Rxh5+ Kxh5 48. a4 f5 49. a5 f4 50. Kc3 Kg4 51. a6 f3 52. Kd2
Kg3 53. a7 f2 54. Ke2 Kg2 55. a8=Q+ Kg1 56. Qg8+ 1-0

[Event "C.to Provinciale AP"]
[Site "Fermo ITA"]
[Date "2008.01.20"]
[Round "6"]
[White "Perogio, Lorenzo"]
[Black "Bruno, Fabio"]
[Result "0-1"]
[WhiteElo "1886"]
[BlackElo "2457"]
[PlyCount "48"]
[EventDate "2008.01.12"]

1. e4 c5 2. Nc3 Nc6 3. g3 g6 4. Bg2 Bg7 5. d3 d6 6. Nge2 Rb8 7. O-O b5 8. f4 b4
9. Nb1 Qb6 10. Kh1 h5 11. h3 f5 12. Nd2 h4 13. Kh2 hxg3+ 14. Nxg3 Nf6 15. Nc4
Qc7 16. exf5 gxf5 17. Kg1 Kf7 18. Rb1 Bd7 19. Re1 Rbg8 20. Re3 Ne8 21. Qe1 Bd4
22. b3 Rh6 23. Bb2 Bxe3+ 24. Qxe3 Rhg6 0-1

[Event "C.to Provinciale AP"]
[Site "Fermo ITA"]
[Date "2008.01.20"]
[Round "6"]
[White "Rotoni, Matteo"]
[Black "Fioravanti, Emidio"]
[Result "0-1"]
[WhiteElo "2119"]
[BlackElo "2016"]
[PlyCount "66"]
[EventDate "2008.01.12"]

1. e4 c5 2. d4 cxd4 3. c3 dxc3 4. Nxc3 Nc6 5. Nf3 d6 6. Bc4 e6 7. O-O a6 8. Qe2
b5 9. Bb3 Bb7 10. Rd1 Na5 11. e5 Nxb3 12. axb3 d5 13. Be3 Ne7 14. Ne4 Nf5 15.
Bg5 Qb6 16. Ng3 Nxg3 17. hxg3 Bc5 18. Bd2 b4 19. Be3 Bxe3 20. fxe3 O-O 21. Rd4
a5 22. Nh2 Qc7 23. Ng4 Kh8 24. Kf2 f5 25. exf6 gxf6 26. Rh1 e5 27. Rdd1 e4 28.
Nh6 Qe5 29. Rh5 f5 30. Rdh1 Ba6 31. Qd2 Bd3 32. Rc1 Ra7 33. Rc8 Rxc8 0-1